000 00493nam a22001937a 4500
003 MPLRDC
005 20220105061138.0
008 210129b ||||| |||| 00| 0 eng d
020 _a986-7718-25-9
082 _a912.941 NOR
100 _aPHILIP NORMAN
245 _a呐喊
_c文铠威·吴逸文 译
250 _a初版
260 _a台湾
_b滚石文化
_c2005
300 _b
520 _a新书上架 2018-08-01。
650 _a乐团组织--英国
942 _cBK
_o912.941 NOR
999 _c69487
_d69477